All 7 Letter Words that Begin With M - Statistics

General Stats
  • This quiz has been taken 12 times
  • The average score is 266 of 2142
Answer Stats
% Correct
marking
100%
mulling
100%
maddens
90%
magical
90%
makings
90%
mangers
90%
markers
90%
massing
90%
matters
90%
meander
90%
menders
90%
mending
90%
middles
90%
millers
90%
minding
90%
missing
90%
mistake
90%
misters
90%
monkeys
90%
mopping
90%
mounted
90%
murders
90%
mailing
80%
manners
80%
mappers
80%
mapping
80%
mariner
80%
marines
80%
markets
80%
married
80%
marring
80%
mashing
80%
masking
80%
masters
80%
matting
80%
meaning
80%
meddler
80%
meddles
80%
meeting
80%
melters
80%
melting
80%
mergers
80%
merging
80%
messing
80%
milling
80%
mincing
80%
minders
80%
minutes
80%
misting
80%
mockers
80%
mocking
80%
mothers
80%
musical
80%
mystery
80%
mailers
70%
mallows
70%
mangled
70%
mangler
70%
mangles
70%
marched
70%
marcher
70%
marches
70%
marrier
70%
marries
70%
marshes
70%
maskers
70%
massage
70%
matched
70%
matcher
70%
matches
70%
maximum
70%
medical
70%
meeters
70%
mellows
70%
middled
70%
middler
70%
million
70%
mincers
70%
minimum
70%
minters
70%
mirrors
70%
missile
70%
moaners
70%
moaning
70%
moderns
70%
moister
70%
moppers
70%
moronic
70%
mounter
70%
muddier
70%
muggers
70%
mugging
70%
mullers
70%
mushing
70%
mussing
70%
majored
60%
majorly
60%
mammals
60%
managed
60%
manager
60%
manages
60%
maniacs
60%
manning
60%
marbled
60%
marbles
60%
margins
60%
marrows
60%
martins
60%
marvels
60%
mashers
60%
massive
60%
masting
60%
mauling
60%
meddled
60%
medials
60%
mediums
60%
menthol
60%
mention
60%
mermaid
60%
meshing
60%
message
60%
microbe
60%
midgets
60%
mingled
60%
mingles
60%
minting
60%
mirages
60%
mission
60%
mobbing
60%
moistly
60%
mommies
60%
mooning
60%
moorhen
60%
morning
60%
morrows
60%
mosques
60%
Mountie
60%
muddles
60%
mullets
60%
mummies
60%
munched
60%
muncher
60%
munches
60%
murmurs
60%
muscled
60%
muscles
60%
muskets
60%
mutters
60%
machine
50%
madding
50%
madness
50%
maidens
50%
maligns
50%
mallets
50%
malting
50%
manatee
50%
mandate
50%
mantles
50%
marbler
50%
marlins
50%
marroon
50%
marshal
50%
martian
50%
masques
50%
mastery
50%
matrons
50%
maulers
50%
maximal
50%
meadows
50%
meaners
50%
measles
50%
medians
50%
mediate
50%
mentors
50%
mercury
50%
merrier
50%
messier
50%
metrics
50%
Mexican
50%
microns
50%
milkers
50%
millets
50%
millken
50%
minimal
50%
minnows
50%
minorly
50%
minuted
50%
minuter
50%
miracle
50%
mislead
50%
mistier
50%
mistook
50%
mittens
50%
mobbers
50%
mockery
50%
mogging
50%
molding
50%
Mongols
50%
mongrel
50%
monster
50%
monthly
50%
moodier
50%
mooners
50%
mooring
50%
Mormons
50%
mortals
50%
moshing
50%
mossers
50%
mossier
50%
mossing
50%
mourner
50%
mousers
50%
mousier
50%
mousing
50%
mouthed
50%
mouther
50%
mucking
50%
muddies
50%
muddled
50%
muddler
50%
muffler
50%
muffles
50%
mummers
50%
murkier
50%
mushers
50%
mushier
50%
musking
50%
mussels
50%
mustard
50%
musters
50%
macaron
40%
macrons
40%
madders
40%
magenta
40%
maggots
40%
magnets
40%
magnums
40%
magpies
40%
mailbox
40%
maiming
40%
majesty
40%
malices
40%
mangier
40%
mangoes
40%
manuals
40%
marmots
40%
martial
40%
martyrs
40%
matings
40%
meanest
40%
meatier
40%
medinas
40%
meerkat
40%
melding
40%
members
40%
menaced
40%
menaces
40%
menials
40%
mentals
40%
Mercier
40%
mercies
40%
metaled
40%
methods
40%
midline
40%
midways
40%
midwife
40%
miffing
40%
militia
40%
mimicry
40%
minored
40%
mintier
40%
minuets
40%
miserly
40%
misfire
40%
misfits
40%
misread
40%
modules
40%
modulus
40%
moisten
40%
moldier
40%
molting
40%
moments
40%
monocle
40%
morales
40%
morgues
40%
morphed
40%
moshers
40%
mothing
40%
motored
40%
moulder
40%
mousses
40%
muckers
40%
muddied
40%
muffins
40%
muffled
40%
mulched
40%
mulcher
40%
mulches
40%
mumbler
40%
mumbles
40%
mundane
40%
musings
40%
mustier
40%
muttons
40%
mystics
40%
macabre
30%
macrame
30%
madames
30%
maestro
30%
mailman
30%
mailmen
30%
Mainers
30%
malaria
30%
mallear
30%
malters
30%
Maltese
30%
mammary
30%
manhole
30%
mankind
30%
mansion
30%
mantras
30%
marchen
30%
marinas
30%
marmite
30%
marquis
30%
marrers
30%
marting
30%
Marxist
30%
Masonic
30%
masonry
30%
mastiff
30%
maximus
30%
mayoral
30%
meanies
30%
measure
30%
medaled
30%
medleys
30%
melders
30%
meltier
30%
memento
30%
menorah
30%
meowing
30%
merches
30%
merinos
30%
merkins
30%
merlins
30%
merrily
30%
meshier
30%
messily
30%
metaler
30%
metered
30%
mettled
30%
mettles
30%
mewling
30%
migrant
30%
mildews
30%
mileage
30%
milking
30%
mindset
30%
mineral
30%
minings
30%
minivan
30%
minnies
30%
miscall
30%
miscues
30%
misdeed
30%
misfile
30%
mishaps
30%
mislays
30%
misname
30%
misplay
30%
mixture
30%
mobiles
30%
modding
30%
modeled
30%
modular
30%
molders
30%
molests
30%
mollify
30%
molters
30%
Mondays
30%
moneyed
30%
mongers
30%
moniker
30%
moocher
30%
mooches
30%
Moonies
30%
mooting
30%
morsels
30%
mortars
30%
motions
30%
motives
30%
mourned
30%
mudders
30%
mudding
30%
muffing
30%
muggles
30%
mumbled
30%
mutants
30%
mutated
30%
mutates
30%
muzzled
30%
muzzler
30%
muzzles
30%
magging
20%
maiding
20%
maimers
20%
maizers
20%
makeups
20%
malines
20%
mallard
20%
maltier
20%
mammers
20%
Manchus
20%
mandala
20%
mandoer
20%
manhood
20%
manilla
20%
manille
20%
mannish
20%
mannite
20%
manters
20%
mantled
20%
maracas
20%
markups
20%
marling
20%
maroons
20%
marquee
20%
martens
20%
Marxism
20%
mascara
20%
mascots
20%
mashies
20%
masquer
20%
mastics
20%
masties
20%
matelot
20%
matilda
20%
matrice
20%
mattock
20%
mawkish
20%
mayhaps
20%
mayhems
20%
mayings
20%
maypole
20%
mealers
20%
mealier
20%
mealies
20%
measled
20%
medulla
20%
meekest
20%
melange
20%
melling
20%
melodic
20%
meltons
20%
memoirs
20%
mentees
20%
mercery
20%
merited
20%
meriter
20%
merlots
20%
messiah
20%
meteors
20%
methyls
20%
mewlers
20%
miasmas
20%
middays
20%
middies
20%
midland
20%
midriff
20%
migrate
20%
milkman
20%
milkmen
20%
mimosas
20%
mincier
20%
mindful
20%
minicar
20%
minions
20%
minuses
20%
miscast
20%
miscuts
20%
misdial
20%
misfeed
20%
mishear
20%
mislaid
20%
misluck
20%
missies
20%
missive
20%
missout
20%
misstep
20%
mistily
20%
mistime
20%
mistral
20%
misused
20%
misuses
20%
modders
20%
modeler
20%
modesty
20%
moellon
20%
moggies
20%
moghuls
20%
mollies
20%
monarch
20%
moneyer
20%
monitor
20%
mooched
20%
moonier
20%
moppets
20%
moppier
20%
moraler
20%
morally
20%
mothier
20%
motived
20%
mottled
20%
mottler
20%
mottles
20%
mottoes
20%
mounded
20%
mousily
20%
moussed
20%
movable
20%
movemen
20%
muddily
20%
mudging
20%
mummery
20%
mummify
20%
Munster
20%
muskies
20%
muskrat
20%
myrtles
20%
macacos
10%
Macacus
10%
macaque
10%
maceral
10%
machaan
10%
machair
10%
machans
10%
machers
10%
machete
10%
machree
10%
mackled
10%
mackles
10%
macules
10%
madcaps
10%
maddest
10%
maddish
10%
maddled
10%
maddles
10%
Madeira
10%
madling
10%
Madonna
10%
madrone
10%
maduros
10%
madwort
10%
maenads
10%
maffled
10%
maffles
10%
mafioso
10%
maftirs
10%
maggoty
10%
maglevs
10%
magnate
10%
magnify
10%
mahonia
10%
mahouts
10%
mahseer
10%
maidies
10%
mailbag
10%
maillot
10%
mainour
10%
maintop
10%
makable
10%
makutus
10%
Malabar
10%
malacca
10%
malaise
10%
malanga
10%
malates
10%
Malayan
10%
malefic
10%
malform
10%
malison
10%
malleus
10%
Mallory
10%
malmier
10%
malming
10%
malodor
10%
maltase
10%
maltose
10%
malware
10%
mamboed
10%
mammees
10%
mammies
10%
mammock
10%
mamzers
10%
manacle
10%
Manatus
10%
manches
10%
mandars
10%
mandola
10%
mandrel
10%
mandril
10%
Mangars
10%
mangily
10%
manikin
10%
manilas
10%
maniocs
10%
manitou
10%
manitus
10%
mankini
10%
manless
10%
manlike
10%
mannies
10%
mannose
10%
mansard
10%
mantels
10%
manting
10%
mantric
10%
manukas
10%
manured
10%
manurer
10%
manures
10%
marauds
10%
marcato
10%
marengo
10%
margays
10%
margosa
10%
marimba
10%
marinal
10%
Marinds
10%
Marists
10%
marital
10%
markhor
10%
markkas
10%
markman
10%
markmen
10%
marrite
10%
marrons
10%
martels
10%
martini
10%
masalas
10%
mascles
10%
mascons
10%
masjids
10%
masoned
10%
masoner
10%
masseur
10%
massier
10%
mastoid
10%
matador
10%
matchas
10%
matchup
10%
matinee
10%
matless
10%
mattery
10%
Matthew
10%
mattins
10%
matured
10%
maturer
10%
matures
10%
matzahs
10%
matzohs
10%
maulies
10%
maunder
10%
mavises
10%
maxilla
10%
maximin
10%
maxixes
10%
maxwell
10%
Maybird
10%
Maydays
10%
mazards
10%
mazeful
10%
mazurka
10%
mazzard
10%
meaders
10%
meadowy
10%
Meantes
10%
meatily
10%
meatman
10%
meatmen
10%
Meccans
10%
mediant
10%
medusan
10%
medusas
10%
megabit
10%
megahit
10%
megaron
10%
megaton
10%
megilps
10%
megohms
10%
melaena
10%
melamed
10%
melanin
10%
melcher
10%
melicks
10%
mellers
10%
mellowy
10%
melodia
10%
menages
10%
menazon
10%
mentons
10%
menudos
10%
mercers
10%
merfolk
10%
merlons
10%
meropia
10%
mescals
10%
mesclun
10%
messtin
10%
mestiza
10%
metates
10%
methane
10%
methoxy
10%
mezcals
10%
miasmal
10%
Michael
10%
miching
10%
midcult
10%
middens
10%
midlegs
10%
midlife
10%
midmorn
10%
midmost
10%
midnoon
10%
midrash
10%
midship
10%
midterm
10%
midtown
10%
midweek
10%
midyear
10%
miffier
10%
miggles
10%
mignons
10%
mildest
10%
mildewy
10%
mildish
10%
militar
10%
milkier
10%
millage
10%
milldam
10%
milters
10%
miltier
10%
mimical
10%
minaret
10%
minette
10%
Mingoes
10%
minibar
10%
minibus
10%
minicab
10%
minicam
10%
minikin
10%
minimax
10%
minutia
10%
Miranda
10%
mirrory
10%
misacts
10%
misally
10%
miscals
10%
miscite
10%
miscode
10%
miscued
10%
misdate
10%
misdeal
10%
misdoes
10%
misdone
10%
misdraw
10%
misdrew
10%
misease
10%
miseres
10%
misgive
10%
mishits
10%
miskals
10%
miskick
10%
mislear
10%
mislest
10%
mislike
10%
misline
10%
mislist
10%
mismate
10%
mispick
10%
misrule
10%
missals
10%
missend
10%
missets
10%
mistery
10%
mitered
10%
mitosis
10%
mitring
10%
mittled
10%
mittles
10%
mixable
10%
mixtape
10%
mizrahs
10%
mobbist
10%
mobster
10%
modemed
10%
modicum
10%
mohawks
10%
Molasse
10%
mollusc
10%
mollusk
10%
mondial
10%
mongler
10%
monists
10%
monkish
10%
monsoon
10%
montage
10%
moodily
10%
moolahs
10%
moonlet
10%
moonlit
10%
moonset
10%
mopiest
10%
moraine
10%
moreish
10%
morello
10%
morocco
10%
morrals
10%
morsing
10%
mortice
10%
mortify
10%
mosaics
10%
moseyed
10%
mossies
10%
motetus
10%
mothery
10%
motleys
10%
mottoed
10%
moulter
10%
mousery
10%
muckier
10%
muezzin
10%
mufflin
10%
muggier
10%
muggily
10%
muggins
10%
mulings
10%
mullens
10%
mullion
10%
mumming
10%
mumping
10%
Munchis
10%
mundles
10%
munging
10%
muntjac
10%
murrals
10%
museums
10%
mushily
10%
musines
10%
muskier
10%
Muslims
10%
mussier
10%
mussily
10%
mustang
10%
mustily
10%
mutines
10%
muttony
10%
mutuals
10%
muumuus
10%
muzzier
10%
muzzing
10%
myriads
10%
mystify
10%
mythier
10%
maarads
0%
Maasais
0%
mabolos
0%
mabuyas
0%
mabyers
0%
macabis
0%
macadam
0%
macanas
0%
Macbeth
0%
macchia
0%
macchie
0%
macchis
0%
macella
0%
Machado
0%
machars
0%
macheer
0%
machila
0%
machins
0%
Machism
0%
machzor
0%
macigno
0%
mackman
0%
mackmen
0%
Macleod
0%
maclura
0%
macocks
0%
macouba
0%
macoute
0%
Macrura
0%
macucas
0%
maculae
0%
macular
0%
maculas
0%
macumba
0%
macupas
0%
Macushi
0%
Macusis
0%
macutas
0%
macutes
0%
madhabs
0%
madhuca
0%
madneps
0%
madoqua
0%
madrasa
0%
madrasi
0%
madrich
0%
madrona
0%
madrono
0%
madtoms
0%
madweed
0%
madzoon
0%
maegbot
0%
maestri
0%
maffick
0%
mafiosi
0%
mafites
0%
mafuras
0%
mafurra
0%
Magadhi
0%
magadis
0%
Magahat
0%
Magahis
0%
Magalis
0%
maganis
0%
magbote
0%
maghzen
0%
Magians
0%
magneto
0%
magnons
0%
magsman
0%
magsmen
0%
maguari
0%
magueys
0%
Magyars
0%
mahagua
0%
mahajan
0%
mahajun
0%
mahalas
0%
mahaleb
0%
mahants
0%
mahasir
0%
mahatma
0%
Mahdism
0%
Mahdist
0%
Mahican
0%
mahjong
0%
maholis
0%
Mahsuds
0%
mahzors
0%
maidans
0%
maidish
0%
maidous
0%
maigers
0%
maigres
0%
Maiidae
0%
maimons
0%
Mainite
0%
Maipure
0%
maister
0%
maistly
0%
maistry
0%
maitake
0%
majagua
0%
Majidae
0%
majoons
0%
Makaira
0%
makaras
0%
makatea
0%
makhzan
0%
makhzen
0%
makluks
0%
Makonde
0%
makopas
0%
makores
0%
Makushi
0%
Malachi
0%
malacia
0%
malacic
0%
malacon
0%
Malagas
0%
malakon
0%
malambo
0%
Malania
0%
malarky
0%
malaxed
0%
malaxes
0%
Malaxis
0%
Malayic
0%
malbecs
0%
malchus
0%
malduck
0%
malease
0%
maleate
0%
maletas
0%
Malgach
0%
Malgash
0%
malheur
0%
Malians
0%
maligna
0%
malimba
0%
Malinke
0%
malisms
0%
malkins
0%
Malkite
0%
malleal
0%
mallees
0%
mallein
0%
malmsey
0%
malocas
0%
malonyl
0%
malpais
0%
malster
0%
malthas
0%
Malthus
0%
maltman
0%
maltmen
0%
maltols
0%
malvins
0%
mamaloi
0%
mamamus
0%
mamanis
0%
Mamanua
0%
mamelon
0%
mameyes
0%
mamilla
0%
Mamluks
0%
mammate
0%
mammeys
0%
mammoni
0%
mammons
0%
mammose
0%
mammoth
0%
mamonas
0%
mamsell
0%
mamushi
0%
manacan
0%
manacas
0%
manacus
0%
manadas
0%
manaism
0%
manakin
0%
mananas
0%
Manasis
0%
manback
0%
manbote
0%
manbots
0%
mancala
0%
manchet
0%
mancono
0%
Mandaic
0%
Mandans
0%
mandant
0%
mandapa
0%
mandata
0%
Mandaya
0%
mandioc
0%
mandirs
0%
mandlen
0%
mandoms
0%
mandors
0%
mandrin
0%
manduas
0%
mandurs
0%
mandyas
0%
maneens
0%
maneges
0%
Manetti
0%
manfish
0%
mangana
0%
mangeao
0%
mangels
0%
mangold
0%
mangues
0%
Manguns
0%
mangwes
0%
Mangyan
0%
manhead
0%
manhunt
0%
Manidae
0%
Manihot
0%
maninis
0%
maniple
0%
manisms
0%
manitos
0%
manjaks
0%
mankies
0%
manlier
0%
manlily
0%
manling
0%
mannans
0%
manness
0%
Manobos
0%
manoirs
0%
manomin
0%
manpack
0%
manrent
0%
manroot
0%
manrope
0%
Mansaka
0%
mansoni
0%
Mansura
0%
manteau
0%
manteel
0%
mantids
0%
mantlet
0%
mantoid
0%
Mantoux
0%
mantrap
0%
Mantses
0%
Mantuan
0%
mantuas
0%
Mantzus
0%
Manuans
0%
manuary
0%
manumas
0%
manumea
0%
manumit
0%
manward
0%
manways
0%
manwise
0%
Manxman
0%
Manxmen
0%
manzana
0%
Maoisms
0%
Maoists
0%
maomaos
0%
Maorian
0%
maplike
0%
Mapuche
0%
marabou
0%
maracan
0%
Maranao
0%
Maranaw
0%
marangs
0%
maranta
0%
mararas
0%
marasca
0%
marasma
0%
Maratha
0%
Marathi
0%
marcels
0%
marchet
0%
marcots
0%
Marehan
0%
marfire
0%
margent
0%
maricas
0%
mariola
0%
maritae
0%
markkaa
0%
Markoff
0%
marlier
0%
marline
0%
marlite
0%
marlock
0%
marlpit
0%
Marmosa
0%
Marmota
0%
Marnean
0%
Marnian
0%
maroodi
0%
maroola
0%
Maropas
0%
marotte
0%
maroudi
0%
Marovos
0%
marplot
0%
marques
0%
Marrano
0%
marrees
0%
marrock
0%
marrots
0%
marrowy
0%
marrube
0%
marrubs
0%
marryer
0%
marsala
0%
Marsian
0%
marster
0%
martele
0%
martext
0%
martite
0%
Martius
0%
martlet
0%
martnet
0%
martyry
0%
marulas
0%
marumis
0%
marupas
0%
marvers
0%
Marwari
0%
Marxian
0%
marybud
0%
mascled
0%
Mascois
0%
masculy
0%
Mashams
0%
mashlum
0%
Mashona
0%
Mashpee
0%
Mashpis
0%
maskeeg
0%
maskery
0%
Maskins
0%
maslins
0%
masoola
0%
Masorah
0%
Masoras
0%
massifs
0%
massois
0%
massoys
0%
massula
0%
mastaba
0%
mastage
0%
mastika
0%
Matacan
0%
matacos
0%
mataxes
0%
matchet
0%
mateley
0%
maticos
0%
matinal
0%
matipos
0%
matipou
0%
matkahs
0%
matlows
0%
matonas
0%
matrass
0%
matrics
0%
matross
0%
matsail
0%
matster
0%
mattoid
0%
mattoir
0%
Mattole
0%
matweed
0%
matzoon
0%
matzoth
0%
maubeys
0%
mauchts
0%
maudlin
0%
maughts
0%
maulana
0%
mauleys
0%
maulkin
0%
maulvis
0%
Maumene
0%
maumets
0%
maunche
0%
Maurist
0%
Mauryan
0%
Mauryas
0%
mausole
0%
mauther
0%
mauvine
0%
mauvish
0%
Mawkens
0%
mawther
0%
mawworm
0%
maximed
0%
Mayance
0%
mayapis
0%
maybeso
0%
maybush
0%
maycock
0%
Mayduke
0%
mayengs
0%
mayfish
0%
Mayfowl
0%
mayhaws
0%
Mayoids
0%
maypops
0%
maytens
0%
maythes
0%
Maytide
0%
Maytime
0%
mayweed
0%
Mazahua
0%
Mazapan
0%
mazarin
0%
Mazatec
0%
Mazdean
0%
mazdoor
0%
mazdurs
0%
mazedly
0%
Mazhabi
0%
maziest
0%
mazouts
0%
mazumas
0%
mazunas
0%
Mazzini
0%
mbalolo
0%
Mbundus
0%
McArdle
0%
McCarty
0%
mcleods
0%
meacock
0%
meadery
0%
meagres
0%
mealman
0%
mealmen
0%
mealock
0%
Meandra
0%
measing
0%
meboses
0%
mecates
0%
Mechlin
0%
meconin
0%
medakas
0%
medalet
0%
medevac
0%
mediacy
0%
medicos
0%
mediety
0%
medigap
0%
medimni
0%
medimns
0%
Medinan
0%
medines
0%
medinos
0%
medispa
0%
medivac
0%
medized
0%
medizes
0%
MEDLARS
0%
MEDLINE
0%
medrick
0%
medspas
0%
medusae
0%
medusal
0%
meeched
0%
meecher
0%
meeches
0%
meekens
0%
meemies
0%
meetups
0%
megabar
0%
megacin
0%
megapod
0%
megarad
0%
Megaric
0%
megasse
0%
megavar
0%
Megrels
0%
megrims
0%
meharis
0%
mehtars
0%
mehters
0%
meidans
0%
meikler
0%
meinies
0%
meiobar
0%
meioses
0%
meiosis
0%
meiotic
0%
Meissen
0%
meister
0%
meithed
0%
Meithei
0%
Meitner
0%
mejliss
0%
meladas
0%
Melanau
0%
Melania
0%
melanic
0%
melasma
0%
melenas
0%
melenic
0%
Melians
0%
melilot
0%
melinjo
0%
melises
0%
melisma
0%
melissa
0%
Melizki
0%
Melkite
0%
mellahs
0%
mellays
0%
mellite
0%
meloids
0%
melonry
0%
melosas
0%
meltage
0%
melteth
0%
meltith
0%
membral
0%
membrum
0%
memetic
0%
menacme
0%
Menaion
0%
menfish
0%
menfolk
0%
menhirs
0%
Meniere
0%
menisci
0%
menkind
0%
Mennist
0%
Menodus
0%
Menopon
0%
menschy
0%
mensual
0%
menthyl
0%
Menurae
0%
Meramec
0%
meranti
0%
Meratia
0%
merawan
0%
merchet
0%
Mercian
0%
meridic
0%
merises
0%
merisis
0%
merogon
0%
Meroite
0%
meroses
0%
Merozoa
0%
meruses
0%
mesange
0%
mesarch
0%
mesaxon
0%
meseems
0%
mesenna
0%
Meshech
0%
meshuga
0%
meshuge
0%
mesilla
0%
Mesites
0%
mesityl
0%
mesodes
0%
mesodic
0%
mesomes
0%
mesonic
0%
Mesonyx
0%
mesopic
0%
Mesozoa
0%
messans
0%
messboy
0%
messets
0%
Messias
0%
messman
0%
messmen
0%
mesteno
0%
mestizo
0%
mestome
0%
mestoms
0%
metages
0%
metalaw
0%
metamer
0%
metanym
0%
metayer
0%
metazoa
0%
metepas
0%
methene
0%
methide
0%
methine
0%
Methody
0%
methone
0%
metical
0%
meticas
0%
metiers
0%
metisse
0%
metonym
0%
metopae
0%
metopes
0%
metopic
0%
metopon
0%
metreme
0%
metrial
0%
metrify
0%
metrist
0%
metulae
0%
metwand
0%
meubles
0%
Mewaris
0%
Mexicas
0%
Meynert
0%
mezquit
0%
mezuzah
0%
mezuzas
0%
mezuzot
0%
Miamian
0%
miaowed
0%
miasmic
0%
Miastor
0%
miauled
0%
micella
0%
micelle
0%
Micheas
0%
Michtam
0%
mickery
0%
mickler
0%
Micmacs
0%
Miconia
0%
microhm
0%
miction
0%
midairs
0%
middest
0%
midewin
0%
midface
0%
Midgard
0%
midguts
0%
Mididae
0%
midiron
0%
midribs
0%
midsize
0%
midsole
0%
midvein
0%
mierkat
0%
migrans
0%
migrule
0%
mihrabs
0%
mikados
0%
Mikania
0%
mikvahs
0%
mikvehs
0%
milacre
0%
Milanau
0%
milcher
0%
milchig
0%
mildens
0%
milfoil
0%
miliary
0%
milieus
0%
milieux
0%
milinch
0%
Miliola
0%
miljees
0%
milkily
0%
milksop
0%
millime
0%
millims
0%
milline
0%
millman
0%
millmen
0%
milners
0%
milonga
0%
milords
0%
milreis
0%
milseys
0%
milsies
0%
Milvago
0%
Mimamsa
0%
mimbars
0%
Mimbres
0%
mimesis
0%
mimetic
0%
Mimidae
0%
mimulus
0%
minable
0%
Minaean
0%
minauls
0%
minaway
0%
minbars
0%
minchah
0%
minchas
0%
minchen
0%
Mincopi
0%
Mindels
0%
Minerva
0%
minever
0%
mingier
0%
Mingrel
0%
minhahs
0%
miniate
0%
minifer
0%
minilab
0%
minimae
0%
minimus
0%
miniski
0%
minisub
0%
miniums
0%
miniver
0%
minivet
0%
minkery
0%
Minkopi
0%
Minoans
0%
minster
0%
mintage
0%
minuend
0%
minxish
0%
minyans
0%
Miocene
0%
miombos
0%
miotics
0%
mirable
0%
mirador
0%
Miranha
0%
Miranya
0%
mirated
0%
mirates
0%
mirding
0%
mirexes
0%
mirgals
0%
mirgils
0%
Miridae
0%
miriest
0%
mirific
0%
mirikis
0%
mirkily
0%
MIRVing
0%
misaims
0%
miscook
0%
miscopy
0%
misdeem
0%
misdoer
0%
misfold
0%
misgage
0%
misgave
0%
Mishmis
0%
Mishnah
0%
miskier
0%
Miskito
0%
misknew
0%
misknow
0%
mismade
0%
mismark
0%
mismove
0%
mispels
0%
misplan
0%
misruns
0%
misseem
0%
missent
0%
missish
0%
missort
0%
mistals
0%
mistbow
0%
misterm
0%
mistful
0%
mistico
0%
mistics
0%
mistune
0%
mistype
0%
misuser
0%
misword
0%
Mitanni
0%
Mitella
0%
miterer
0%
mithkal
0%
mithqal
0%
mitiest
0%
mitimae
0%
mitogen
0%
mitomes
0%
mitoses
0%
mitotes
0%
mitotic
0%
mitrate
0%
mitzvah
0%
mitzvot
0%
mixedly
0%
mixhill
0%
mixible
0%
mixises
0%
mixites
0%
Mixtecs
0%
mixtion
0%
mizmaze
0%
mizrach
0%
Mizrahi
0%
mizunas
0%
mizzens
0%
mizzled
0%
mizzles
0%
mnestic
0%
Moabite
0%
moanful
0%
Moarian
0%
mobbish
0%
mobbism
0%
mobcaps
0%
mobling
0%
mobsman
0%
mobsmen
0%
Mochica
0%
mochier
0%
mochila
0%
mockado
0%
mockage
0%
mococks
0%
Mocovis
0%
mocucks
0%
modally
0%
moderne
0%
modinha
0%
modioli
0%
modiste
0%
moduses
0%
mofette
0%
mofongo
0%
moggans
0%
mogotes
0%
mohairs
0%
mohalim
0%
moharra
0%
Mohaves
0%
Mohegan
0%
mohelim
0%
Mohican
0%
Mohisms
0%
Mohists
0%
Mohmand
0%
Mohocks
0%
moiders
0%
moidore
0%
moilers
0%
moiling
0%
moither
0%
moitier
0%
moiting
0%
mojarra
0%
Mojaves
0%
mojitos
0%
mokihis
0%
mokshas
0%
mokumes
0%
Molalas
0%
molaves
0%
moldman
0%
moldmen
0%
moletas
0%
Molgula
0%
Molidae
0%
molimen
0%
molinet
0%
Molinia
0%
Molisch
0%
Mollugo
0%
moloids
0%
Molokan
0%
Moloney
0%
molossi
0%
Molucca
0%
mombins
0%
mombled
0%
mombles
0%
momenta
0%
momento
0%
momisms
0%
mommack
0%
mommick
0%
Momotus
0%
momsers
0%
momzers
0%
Monacan
0%
Monacha
0%
monacid
0%
monacts
0%
monadal
0%
monades
0%
monadic
0%
monaker
0%
monarda
0%
monases
0%
monauls
0%
monaxon
0%
mondain
0%
monepic
0%
moneral
0%
moneran
0%
moneric
0%
moneron
0%
monesia
0%
Monguor
0%
monials
0%
monilia
0%
Monimia
0%
monisms
0%
monkery
0%
monkism
0%
monkist
0%
monoazo
0%
monocot
0%
monodic
0%
Monodon
0%
monofil
0%
monolog
0%
monomer
0%
Monomya
0%
mononch
0%
mononts
0%
monopod
0%
monoses
0%
monoski
0%
Monozoa
0%
Monsoni
0%
montane
0%
montera
0%
montero
0%
montres
0%
monture
0%
monuron
0%
moocahs
0%
moochas
0%
moolvee
0%
moolvis
0%
moonals
0%
moonaul
0%
moonbow
0%
mooneye
0%
moonily
0%
moonish
0%
moonrat
0%
mooping
0%
moorage
0%
moorier
0%
Moorish
0%
moorman
0%
moormen
0%
moorvas
0%
mootman
0%
mootmen
0%
mopanes
0%
mophead
0%
mopokes
0%
mopseys
0%
mopsies
0%
mopuses
0%
moradas
0%
moraeas
0%
morassy
0%
morbose
0%
morceau
0%
mordant
0%
mordent
0%
mordore
0%
Mordvin
0%
moreens
0%
morendo
0%
Moresco
0%
morfrey
0%
morgans
0%
moriche
0%
Morinda
0%
morinel
0%
Moringa
0%
morions
0%
Moriori
0%
morisca
0%
Morisco
0%
morlops
0%
mormaer
0%
mormals
0%
mormaor
0%
mormyrs
0%
mornays
0%
Moropus
0%
morphea
0%
morphew
0%
morphia
0%
morphos
0%
morpion
0%
Morquio
0%
Morrhua
0%
morrice
0%
morsure
0%
mortary
0%
mortial
0%
mortier
0%
mortise
0%
morulae
0%
morular
0%
morulas
0%
morwong
0%
Mosaism
0%
mosaist
0%
Moschus
0%
Moselle
0%
moshava
0%
moskers
0%
Moslems
0%
Mosotho
0%
mossery
0%
mossite
0%
mostest
0%
motific
0%
motiles
0%
motilin
0%
Motilon
0%
motival
0%
motivic
0%
motlier
0%
motmots
0%
motoria
0%
motoric
0%
moudies
0%
mouflon
0%
mouille
0%
moujiks
0%
moulage
0%
moulins
0%
moulten
0%
moulvis
0%
mousaka
0%
moutans
0%
moutons
0%
movably
0%
movants
0%
moveman
0%
movents
0%
mowhays
0%
mowrahs
0%
Mozarab
0%
Mpondos
0%
Mpongwe
0%
muazzin
0%
mucific
0%
mucigen
0%
muckets
0%
muckite
0%
mucoids
0%
mucopus
0%
mucosae
0%
mucosal
0%
mucosas
0%
mucuses
0%
mudbank
0%
mudbugs
0%
mudcaps
0%
muddars
0%
Mudejar
0%
mudfish
0%
mudflat
0%
mudflow
0%
mudhead
0%
mudhole
0%
mudhook
0%
mudiria
0%
mudlark
0%
mudless
0%
mudpack
0%
mudroom
0%
mudsill
0%
Mudugas
0%
mudweed
0%
mudworm
0%
mudwort
0%
muermos
0%
mueslis
0%
muffets
0%
mufflon
0%
mugfuls
0%
muggees
0%
muggets
0%
mughals
0%
mugient
0%
mugongo
0%
mugsful
0%
muguets
0%
mugweed
0%
mugwort
0%
mugwump
0%
muhlies
0%
muhugas
0%
muhugus
0%
muhuhus
0%
Muiscas
0%
mukhtar
0%
mukluks
0%
muktuks
0%
muladas
0%
mulcted
0%
muleman
0%
mulemen
0%
mulesed
0%
muletas
0%
muletta
0%
mulitas
0%
mullahs
0%
mullars
0%
mullein
0%
mullids
0%
mullite
0%
mullock
0%
mulmuls
0%
Multani
0%
multure
0%
mummias
0%
mummick
0%
mummock
0%
mumpers
0%
mumpish
0%
Mundari
0%
mundics
0%
mundify
0%
mungeet
0%
mungoos
0%
munguba
0%
munions
0%
munited
0%
munites
0%
munjeet
0%
munnion
0%
Munsees
0%
munshis
0%
muntins
0%
muntshi
0%
muonium
0%
murabit
0%
muraena
0%
murages
0%
murally
0%
murdrum
0%
mureins
0%
murenas
0%
murexan
0%
murexes
0%
murgeon
0%
muriate
0%
murices
0%
muricid
0%
Muridae
0%
murines
0%
murinus
0%
muriums
0%
Murjite
0%
murkest
0%
murkily
0%
murling
0%
murlins
0%
Murngin
0%
muroids
0%
Murphys
0%
murrahs
0%
murrain
0%
Murraya
0%
murrels
0%
murreys
0%
murrhas
0%
Murrian
0%
murrina
0%
murshid
0%
murther
0%
Musahar
0%
Musales
0%
musangs
0%
musaphs
0%
muscade
0%
Muscari
0%
muscats
0%
muscids
0%
muscoid
0%
muscone
0%
muscose
0%
musculi
0%
museful
0%
museist
0%
musenna
0%
musette
0%
mushaas
0%
mushrat
0%
musicos
0%
musimon
0%
muskegs
0%
muskish
0%
muskone
0%
muslins
0%
musnuds
0%
musquaw
0%
musrols
0%
mussals
0%
mustees
0%
Mustela
0%
mutable
0%
mutably
0%
mutagen
0%
mutages
0%
mutases
0%
mutator
0%
mutches
0%
mutedly
0%
Mutilla
0%
mutined
0%
Mutisia
0%
mutisms
0%
mutuary
0%
mutuate
0%
mutuels
0%
mutular
0%
mutules
0%
muvules
0%
muvulis
0%
muyusas
0%
muzhiks
0%
muzunas
0%
muzzily
0%
myalgia
0%
myalgic
0%
myalism
0%
mycelia
0%
Mycetes
0%
mycoses
0%
mycosis
0%
mycotic
0%
myelins
0%
myeloid
0%
myeloma
0%
mygales
0%
myiases
0%
myiasis
0%
myioses
0%
myiosis
0%
mylodon
0%
mymarid
0%
mynheer
0%
myocoel
0%
myocyte
0%
myogens
0%
myogram
0%
Myoidea
0%
myology
0%
myomata
0%
myomere
0%
myoneme
0%
myophan
0%
myopias
0%
myosins
0%
myosote
0%
myotics
0%
myotome
0%
myotomy
0%
myotube
0%
myoxine
0%
myrcene
0%
myringa
0%
myrosin
0%
myrrhed
0%
myrrhic
0%
Myrrhis
0%
Mysians
0%
Mysidae
0%
mysises
0%
mysosts
0%
mythify
0%
mytilid
0%
Mytilus
0%
myxomas
0%
Mzabite
0%
No matching quizzes found
Score Distribution
Percent of People with Each Score
Percentile by Number Answered
Your Score History
You have not taken this quiz